<?xml version="1.0" encoding="UTF-8"?><?xml-stylesheet type="text/xsl" href="static/style.xsl"?><OAI-PMH xmlns="http://www.openarchives.org/OAI/2.0/" xmlns:xsi="http://www.w3.org/2001/XMLSchema-instance" xsi:schemaLocation="http://www.openarchives.org/OAI/2.0/ http://www.openarchives.org/OAI/2.0/OAI-PMH.xsd"><responseDate>2026-06-02T16:18:32Z</responseDate><request verb="GetRecord" identifier="oai:riuma.uma.es:10630/41249" metadataPrefix="marc">https://riuma.uma.es/rest/oai/request</request><GetRecord><record><header><identifier>oai:riuma.uma.es:10630/41249</identifier><datestamp>2026-03-13T13:07:11Z</datestamp><setSpec>com_10630_2254</setSpec><setSpec>col_10630_37953</setSpec></header><metadata><record xmlns="http://www.loc.gov/MARC21/slim" xmlns:dcterms="http://purl.org/dc/terms/" xmlns:doc="http://www.lyncode.com/xoai" xmlns:xsi="http://www.w3.org/2001/XMLSchema-instance" xsi:schemaLocation="http://www.loc.gov/MARC21/slim http://www.loc.gov/standards/marcxml/schema/MARC21slim.xsd">
   <leader>00925njm 22002777a 4500</leader>
   <datafield ind2=" " ind1=" " tag="042">
      <subfield code="a">dc</subfield>
   </datafield>
   <datafield ind2=" " ind1=" " tag="720">
      <subfield code="a">Bort Caballero, María Luz</subfield>
      <subfield code="e">author</subfield>
   </datafield>
   <datafield ind2=" " ind1=" " tag="720">
      <subfield code="a">Bort-Caballero, María de la Luz</subfield>
      <subfield code="e">author</subfield>
   </datafield>
   <datafield ind2=" " ind1=" " tag="260">
      <subfield code="c">2023</subfield>
   </datafield>
   <datafield ind2=" " ind1=" " tag="520">
      <subfield code="a">El tiempo, como medidor y determinante de nuestras vidas ha sido inquietud existencial para el ser humano y ha formado parte tanto de la temática, de la crítica y de la teoría literaria desde los inicios de estas. Asimismo, el espacio, pues nuestra identidad se forja entorno al mismo. Si nos detenemos en la cita de Aurora de Albornoz que encabeza este ensayo, hablar de “la calle sin tiempo” donde llueve “lánguidamente” podría llevar a diferentes interpretaciones. Por un lado, el adverbio de modo que indica la debilidad de la caída de la lluvia, remite a una frecuencia “lenta” que se contrapone a la erradicación del tiempo en el espacio de calle. Asimismo, al mencionar “la calle de aquí, de allá”, Albornoz equipara ambos lugares o, al contrario, podría remitir a un lugar indefinido o a un no lugar. La escisión espacial y temporal determina toda su obra; a veces, de manera confusa, pero la necesidad de vincular tiempos y espacios se presenta de manera constante a partir de la dualidad de contrarios o complementarios.</subfield>
   </datafield>
   <datafield ind1="8" ind2=" " tag="024">
      <subfield code="a">Bort Caballero. (2023). "Aurora de Albornoz entre voces: paisajes del ayer en la poesía del aquí". Voix poétiques au féminin (de la fin du franquisme à aujourd’hui)), Langues néo-latines Revue des langues vivantes romanes, . 117 - 405, pp. 31 - 54.</subfield>
   </datafield>
   <datafield ind1="8" ind2=" " tag="024">
      <subfield code="a">0184-7570</subfield>
   </datafield>
   <datafield ind1="8" ind2=" " tag="024">
      <subfield code="a">https://hdl.handle.net/10630/41249</subfield>
   </datafield>
   <datafield tag="653" ind2=" " ind1=" ">
      <subfield code="a">Poesía española - S. XX</subfield>
   </datafield>
   <datafield tag="653" ind2=" " ind1=" ">
      <subfield code="a">Albornoz, Aurora de - Crítica e interpretación</subfield>
   </datafield>
   <datafield ind2="0" ind1="0" tag="245">
      <subfield code="a">Aurora de Albornoz entre voces: paisajes del ayer en la poesía del aquí.</subfield>
   </datafield>
</record>
</metadata></record></GetRecord></OAI-PMH>